Städte mit A nach Bildern - Statistiken

Allgemein
  • Dieses Quiz wurde 352 mal gespielt
  • Das Durchschnittsergebnis liegt bei 10 aus 16
Antwortstatistiken
Bildquiz Hint Antwort % Korrekt
Europa A{then}
100%
Nordamerika At{lanta}
92%
Ozeanien Au{ckland}
87%
Europa A{msterdam}
82%
Europa An{twerpen}
69%
Europa Au{gsburg}
67%
Asien Am{man}
63%
Europa Av{ignon}
60%
Asien An{kara}
58%
Ozeanien Ad{elaide}
57%
Europa Ab{erdeen}
56%
Europa An{dorra} {la} {Vella}
53%
Nordamerika An{chorage}
52%
Afrika Ant{ananarivo}
43%
Afrika Al{exandria}
39%
Europa Aa{rau}
30%
Keine übereinstimmenden Quizze gefunden
Verteilung der Resultate
Anzahl Personen mit jedem Resultat
Perzentil nach korrekt beantworteten Fragen
Ihre Resultats-Entwicklung
Sie haben dieses Quiz noch nicht gespielt